Welcome to Marium Abdulla Library

Embrace knowledge with a breath of fresh air.

Browse Collection

Marium Abdulla Library

National Education Policy 1998 - 2010 (Record no. 15375)

MARC details
000 -LEADER
fixed length control field 00458nam a2200193Ia 4500
001 - CONTROL NUMBER
control field 14049
003 - CONTROL NUMBER IDENTIFIER
control field OSt
005 - DATE AND TIME OF LATEST TRANSACTION
control field 20251209105152.0
008 - FIXED-LENGTH DATA ELEMENTS--GENERAL INFORMATION
fixed length control field 251209s9999 xx 000 0 und d
040 ## - CATALOGING SOURCE
Transcribing agency IVS
082 ## - DEWEY DECIMAL CLASSIFICATION NUMBER
Classification number 379.5491 MIN
100 ## - MAIN ENTRY--PERSONAL NAME
Personal name Ministry of Education
245 #0 - TITLE STATEMENT
Title National Education Policy 1998 - 2010
260 ## - PUBLICATION, DISTRIBUTION, ETC.
Place of publication, distribution, etc. Islamabad
260 ## - PUBLICATION, DISTRIBUTION, ETC.
Name of publisher, distributor, etc. Govt. Pakistan Ministry of Edu
260 ## - PUBLICATION, DISTRIBUTION, ETC.
Date of publication, distribution, etc. 2006
300 ## - PHYSICAL DESCRIPTION
Extent 86 pages
942 ## - ADDED ENTRY ELEMENTS (KOHA)
Koha item type Book
Source of classification or shelving scheme Dewey Decimal Classification
Suppress in OPAC No
Holdings
Date last seen Total checkouts Full call number Barcode Price effective from Koha item type Lost status Source of classification or shelving scheme Damaged status Not for loan Collection Withdrawn status Home library Current library Shelving location Date acquired Source of acquisition Cost, normal purchase price
12/09/2025   379.5491 MIN 14049 10/26/2021 Book   Dewey Decimal Classification     Liberal Arts   Marium Abdulla Library Marium Abdulla Library Non-Ref 11/24/2014 Syed Irtiaza Husain 200.00